000 01687nam a22004097a 4500
003 CHAP
005 20220817044222.0
008 080721s2007 mx a r 00010 spa d
010 _a94956
011 _a95928
035 _a106562
040 _cCHAP
090 _aTesis
100 1 _aRodríguez Pineda, Gabriel.
_998783
245 1 0 _aPropuesta de plan de manejo de Recursos Naturales para la Zona Sur de la Sierra de Guadalcázar, San Luís Potosí
_c/por Gabriel Rodríguez Pineda
260 _aChapingo, Méx. :
_bEl autor,
_c2007
300 _aviii, 132 h. :
_bilus., gráfs., cuadrtos
502 _aTesis (Ing. en Recursos Naturales Renovables) -- UACH. Departamento de Enseñanza, Investigación y Servicio en Suelos
530 _aTambién disponible en línea
590 _aALEPH
_b10
_c20130110
_lUCH01
_h1522
590 _aBATCH-UPD
_b10
_c20130110
_lUCH01
_h0350
590 _aBATCH-UPD
_b10
_c20130110
_lUCH01
_h1924
590 _aBATCH-UPD
_b10
_c20130410
_lUCH01
_h0024
590 _aBATCH-UPD
_b10
_c20130914
_lUCH01
_h1723
590 _aBATCH-UPD
_b10
_c20140324
_lUCH01
_h1506
590 _aBATCH-UPD
_b10
_c20141002
_lUCH01
_h0836
590 _aCONVERSION
_b10
_c20130109
_lUCH01
_h1352
650 1 4 _aLevantamiento fisiográfico.
650 1 4 _aRecursos naturales
_xAdministración.
_995175
650 1 4 _aRecursos naturales
_xSan Luis Potosí.
_995312
650 1 4 _aZonificación ecológica.
_9124145
856 _3Finding aid
_uhttp://10.13.5.2/tesis/106562.pdf
_zTeclea aqui
901 _aBK
942 _cFOLL
949 _aTesis
_bBC
_cTES
_d33724002061280
_eTS1
_gDonaciØn
_h47769
_i106562
_sb
949 _aTesis
_bBC
_cTES
_d33724002061322
_eTS2
_fc.2
_gDonaciØn
_h47770
_i106562
_si
999 _c94956
_d94956